[Event "Torino dell'Ariete op"]
[Site "Torino"]
[Date "2015.04.09"]
[Round "3"]
[White "Vozza, Augusto"]
[Black "Gatto, Salvatore"]
[Result "0-1"]
[WhiteElo "1544"]
[BlackElo "1700"]
[PlyCount "98"]
[EventDate "2015.03.26"]
[EventType "swiss"]
[EventRounds "7"]
[EventCountry "ITA"]
[SourceTitle "EXT 2017"]
[Source "ChessBase"]
[SourceDate "2016.10.25"]
[SourceVersion "1"]
[SourceVersionDate "2016.10.25"]
[SourceQuality "1"]

1. e4 c5 2. Nf3 d6 3. Bb5+ Bd7 4. Bxd7+ Nxd7 5. Nc3 Ngf6 6. 0-0 g6 7. d3 Bg7 8. Qe2 0-0 9. Rb1 a6 10. b3 b5 11. Bb2 Re8 12. Nd1 e5 13. Ne3 Nf8 14. Bc1 Ne6 15. Nd5 Nxd5 16. exd5 Nd4 17. Qd1 Nxf3+ 18. Qxf3 f5 19. Bd2 b4 20. Rfe1 Qf6 21. c4 a5 22. g3 Qf7 23. Qg2 a4 24. f4 axb3 25. axb3 Ra2 26. Qe2 Rea8 27. Red1 R8a7 28. Qe1 Qe7 29. Ra1 Qb7 30. Rxa2 Rxa2 31. Ra1 Qa7 32. Rxa2 Qxa2 33. Qd1 Qb2 34. Qe2 Qxb3 35. fxe5 Bxe5 36. Bf4 Qb1+ 37. Kg2 Qb2 38. Bd2 Qa1 39. Kh3 b3 40. Bf4 Qc3 41. Bd2 Qc2 42. Qe3 b2 43. Qg5 Qxd2 44. Qxd2 b1Q 45. Qe2 Qb8 46. Qf3 Qf8 47. g4 fxg4+ 48. Qxg4 Qf1+ 49. Qg2 Qxd3+ 0-1